The Blackwell encyclopedic dictionary of marketing

Αποθηκεύτηκε σε:
Λεπτομέρειες βιβλιογραφικής εγγραφής
Άλλοι συγγραφείς: Lewis, Barbara R. (Επιμελητής έκδοσης), Littler, Dale (Επιμελητής έκδοσης)
Μορφή: Βιβλίο
Γλώσσα:English
Δημοσίευση: Oxford : Blackwell, 1999
Σειρά:Blackwell encyclopedia of management
Θέματα:
Ετικέτες: Προσθήκη ετικέτας
Δεν υπάρχουν, Καταχωρήστε ετικέτα πρώτοι!

MARC

LEADER 00000nam a2200000 i 4500
001 1/53318
008 040329s1999 eng d
020 |a 0-631-21485-2 
035 |l 10073079 
040 |a GR-MY-UA  |b gre  |e aacr 
041 0 |a eng 
082 0 |a 658.8003 
245 1 4 |a The Blackwell encyclopedic dictionary of marketing 
260 |a Oxford :   |b Blackwell,   |c 1999 
300 |a 274 σ. 
490 1 |a Blackwell encyclopedia of management 
504 |a Περιλαμβάνει βιβλιογραφία και ευρετήριο 
650 0 0 |a Marketing  |x Dictionaries. 
700 1 |a Lewis, Barbara R.  |4 edt 
700 1 |a Littler, Dale.  |4 edt 
830 0 |a Blackwell encyclopedia of management 
852 |a INST  |b CHIOS  |e 20040329  |h 658.8003 BLA  |p 005200023276  |q 005200023276  |t REF  |y 23 
901 |a BIBL2-2004-1 
909 |a Χ  |b 104215 
922 |a 2ΕΛΗ  |b 200211  |c ΤΔΕ  |d ΜΙΧΑΛΟΠΟΥΛΟΣ 
950 |a 112-2002-10-16 
970 |z 2004/04/20